| Tag |
First Indicator |
Second Indicator |
Subfields |
| LEADER |
00000ctm a2200000Ia 4500 |
| 001 |
in00000015952 |
| 005 |
20220104090818.0 |
| 008 |
880520s1986 xx a bm 000 0 eng d |
| 035 |
|
|
|9 AAA8636AM
|
| 035 |
|
|
|a (OCoLC)17979751
|
| 035 |
|
|
|a (OCoLC)ocm17979751
|
| 040 |
|
|
|a TXA
|b eng
|c TXA
|d OCLCQ
|d OCLCF
|d OCLCQ
|d OCLCO
|d TXA
|
| 049 |
|
|
|a TXAM
|
| 099 |
|
|
|a 1986
|a Disser-
|a tation
|a B985
|
| 100 |
1 |
|
|a Butler, Jack Lee,
|d 1954-
|
| 245 |
1 |
0 |
|a Demography of the bunchgrass Schizachyrium scoparium Michx. in response to intraspecific competition and herbivory /
|
| 264 |
|
1 |
|c 1986.
|
| 300 |
|
|
|a ix, 66 leaves :
|b illustrations ;
|c 29 cm
|
| 336 |
|
|
|a text
|b txt
|2 rdacontent
|
| 337 |
|
|
|a unmediated
|b n
|2 rdamedia
|
| 338 |
|
|
|a volume
|b nc
|2 rdacarrier
|
| 500 |
|
|
|a "Major subject: Range Science."
|
| 500 |
|
|
|a Typescript (photocopy).
|
| 500 |
|
|
|a Vita.
|
| 502 |
|
|
|b Ph. D.
|c Texas A & M University
|d 1986
|
| 504 |
|
|
|a Includes bibliographical references (leaves 60-65).
|
| 520 |
3 |
|
|a Two separate investigations were conducted to study the influence of intraspecific competition and herbivory on plant and tiller demography of the bunchgrass Schizachyrium scoparium. The investigations were conducted over two growing seasons (May 1983-October 1984) in the post-oak savannah region of east-central Texas. Intraspecific competition was reduced by altering either plant densities per unit area or tiller densities per plant. Population response to herbivory was investigated by placing two steers within replicated pastures of 0.54 ha (treatment 1) and 0.41 ha (treatment 2). The pastures were rotationally grazed with 2-day grazing periods alternated with 32-day periods of no grazing. Tiller numbers within S. scoparium were observed to be under density-dependent control from both interplant and intertiller interference. Tiller recruitment was substantially increased in plants of both thinning treatments compared to control plants within six weeks following treatment application. Tiller recruitment was greater on the periphery than in the interior of the plants in all treatments. However, individual tiller height or weight remained unaffected by the thinning treatments. Tiller mortality was unaffected by plant thinning or location within the plant. Peak tiller recruitment in plant thinned plots occurred during early spring while peak recruitment in tiller thinned plants occurred later in the growing season. This suggests a temporal separation between the two population regulation mechanisms. Herbivory influenced demographic parameters of both plants and tillers. Average basal area per plant decreased in response to herbivory while the number of live tillers per remaining plant basal area increased. Contrasting trends in plant number per unit area and tiller number per plant produced no significant difference in tiller number per unit area. Recruitment was the primary mechanism controlling tiller numbers in both grazed and ungrazed treatments. In addition to greater tiller production in grazed plants, tillers were initiated several months earlier which resulted in the establishment of a greater number of tiller cohorts...
|
| 650 |
|
0 |
|a Forage plants.
|
| 650 |
|
0 |
|a Grasses.
|
| 650 |
|
0 |
|a Schizachyrium.
|
| 650 |
|
4 |
|a Major range science.
|
| 655 |
|
7 |
|a Academic theses
|2 lcgft
|
| 700 |
1 |
|
|a Archer, Steven R.,
|e degree committee member.
|
| 700 |
1 |
|
|a Briske, David D.,
|e degree supervisor.
|
| 700 |
1 |
|
|a Kimber, Clarissa T.,
|e degree committee member.
|
| 700 |
1 |
|
|a Smeins, Fred E.,
|e degree committee member.
|
| 710 |
2 |
|
|a Texas A & M University,
|e degree granting institution.
|
| 856 |
4 |
1 |
|u http://proxy.library.tamu.edu/login?url=http://proquest.umi.com/pqdweb?did=753963181&sid=1&Fmt=2&clientId=2945&RQT=309&VName=PQD
|z Link to ProQuest copy
|t 0
|
| 856 |
4 |
1 |
|u https://hdl.handle.net/1969.1/DISSERTATIONS-22333
|z Link to OAKTrust copy
|t 0
|
| 994 |
|
|
|a C0
|b TXA
|
| 999 |
f |
f |
|s f216d2c5-618d-363f-a66a-ea3e4e4286d4
|i 4be5c6bb-4106-321f-8ab8-b06bc1042399
|t 0
|
| 952 |
f |
f |
|p noncirc
|a Texas A&M University
|b J.J. Pickle Campus
|c High Density Repository
|s HDR
|d Remote Storage
|t 0
|e 1986 Dissertation B985
|h Other scheme
|i unmediated -- volume
|m A14839621220
|
| 952 |
f |
f |
|a Texas A&M University
|b College Station
|c Electronic Resources
|s www_evans
|d Available Online
|t 0
|e 1986 Dissertation B985
|h Other scheme
|
| 998 |
f |
f |
|a 1986 Dissertation B985
|t 0
|l Available Online
|
| 998 |
f |
f |
|a 1986 Dissertation B985
|t 0
|l Remote Storage
|